000 01201nam a22002777a 4500
999 _c119627
_d119627
003 dpl
005 20190425114353.0
008 190425b ||||| |||| 00| 0 eng d
010 _aB-072539
020 _c250.00
_a817016530
035 _aB-072539, B-072543
037 _bCen Lib/Ret
040 _aDPL
_bHN
_c0
082 _a305.6971054
_bशर्माना
100 _aशर्मा, नासिरा
_985935
245 _aराष्ट्र और मुसलमान /
_cनासिरा शर्मा
246 _aRashtr aur muslaman /
_bby Nasira Sharma
260 _bकिताबघर प्रकाशन
_c2002
_aनई दिल्ली
270 _a24, अंसारी रोड, दरियागंज
_bनई दिल्ली
_e110002
300 _a263पृ.
_c20सेमी(सजिल्द)
650 _aराष्ट्र -- धर्म और समाज
_984681
650 _aसमाज -- शिक्षा एवं कानून
_985936
650 _aNation - Religion and Society
_985937
650 _aSociety - Education and Law
_985938
942 _2ddc
_cHN
_h305.6971054
_mशर्माना